[Event "Let's Play Chess!"]
[Site "http://www.queenalice.com/game.php?id=374890"]
[Date "2008.3.21"]
[Round "-"]
[White "MVBARBOSA"]
[Black "lucianovdemelo"]
[Result "1-0"]
[WhiteElo "1986"]
[BlackElo "1512"]

1. d4 d5 2. c4 e6 3. Nc3 Bb4 4. Nf3 Bxc3+ 5. bxc3 Nf6 6. e3 Nc6 7. Ba3 Bd7 8.
Bd3 Qe7 9. Bxe7 Nxe7 10. Qb3 O-O 11. Qxb7 Rab8 12. Qxc7 Rfd8 13. Qxa7 Ra8 14.
Qc5 Ne4 15. Bxe4 dxe4 16. Ne5 f6 17. Nxd7 Rxd7 18. Qb5 f5 19. Qxd7 Ng6 20. Qxe6+
Kh8 21. Qxf5 Rf8 22. Qxe4 h6 23. Qxg6 Kg8 24. Rb1 Rf6 25. Rb8+ Rf8 26. Qe6+ Kh7
27. Rxf8 g5 28. Qg8# 1-0

[Event "Let's Play Chess!"]
[Site "http://www.queenalice.com/game.php?id=374891"]
[Date "2008.3.21"]
[Round "-"]
[White "lucianovdemelo"]
[Black "MVBARBOSA"]
[Result "0-1"]
[WhiteElo "1501"]
[BlackElo "2002"]

1. d4 Nf6 2. c4 g6 3. Nc3 Bg7 4. Nf3 d6 5. Bg5 O-O 6. e3 Nbd7 7. Bd3 e5 8. dxe5
dxe5 9. e4 Re8 10. O-O Nc5 11. Nxe5 Rxe5 12. f4 Re8 13. e5 Qd4+ 14. Kh1 Ng4 15.
h3 Ne3 16. Qe2 Nxf1 17. Rxf1 Qxd3 18. Qxd3 Nxd3 19. Rd1 Nxb2 20. Rb1 Nxc4 21. g4
b6 22. h4 Bb7+ 23. Kh2 Nd2 24. Rd1 Nf3+ 25. Kg3 Nxg5 26. hxg5 Red8 27. Re1 Rd3+
28. Kf2 Rxc3 29. Rd1 Rf3+ 30. Ke2 Rxf4 31. Ke3 Bxe5 32. Rd7 Re8 33. Kd2 Bc6 34.
Kd3 Bxd7 35. Ke3 Bd6+ 36. Kd2 Bb4+ 37. Kc2 Rf3 0-1

[Event "Let's Play Chess!"]
[Site "http://www.queenalice.com/game.php?id=381970"]
[Date "2008.4.4"]
[Round "-"]
[White "MVBARBOSA"]
[Black "Jane"]
[Result "1-0"]
[WhiteElo "1992"]
[BlackElo "1100"]

1. e4 e5 2. f4 exf4 3. Nf3 Nc6 4. Bc4 d6 5. O-O Bg4 6. d4 Bxf3 7. Rxf3 Nf6 8.
Nc3 g5 9. Nd5 Nxd5 10. exd5 Na5 11. Qe1+ Be7 12. Qxa5 b6 13. Qa4+ Kf8 14. Bd2 c5
15. dxc5 bxc5 16. Re1 h5 17. Qa3 Bf6 18. b4 cxb4 19. Bxb4 Be5 20. Rxe5 f6 21.
Bxd6+ Kg7 22. Re7+ Kg6 23. Re6 Qb6+ 24. Kh1 Qb1+ 25. Rf1 Qxc2 26. Bd3+ Qxd3 27.
Qxd3+ Kg7 28. Qf5 a5 29. Qxf6+ Kg8 30. Qg6# 1-0

[Event "Let's Play Chess!"]
[Site "http://www.queenalice.com/game.php?id=381972"]
[Date "2008.4.4"]
[Round "-"]
[White "MVBARBOSA"]
[Black "SRIVERO"]
[Result "1-0"]
[WhiteElo "1994"]
[BlackElo "1806"]

1. d4 Nf6 2. c4 d6 3. Nc3 g6 4. e4 Bg7 5. Nf3 Nbd7 6. Be2 O-O 7. O-O e5 8. Bg5
exd4 9. Nxd4 c6 10. Qd2 Re8 11. Rad1 Qc7 12. Bf3 a6 13. a4 Ne5 14. Bxf6 Bxf6 15.
Be2 Rb8 16. f4 Bg4 17. fxe5 Bxe2 18. exf6 Bxd1 19. Qh6 1-0

[Event "Let's Play Chess!"]
[Site "http://www.queenalice.com/game.php?id=381973"]
[Date "2008.4.4"]
[Round "-"]
[White "EMB2"]
[Black "MVBARBOSA"]
[Result "0-1"]
[WhiteElo "1774"]
[BlackElo "2004"]

1. e4 c5 2. Nf3 Nc6 3. Bc4 e6 4. d4 cxd4 5. Nxd4 Nf6 6. Nc3 Be7 7. Bf4 d6 8. Bg3
a6 9. f3 Qb6 10. Nb3 O-O 11. Na4 Qb4+ 12. Nc3 Qxc4 13. Bxd6 Bxd6 14. Qxd6 Rd8
15. Nd2 Qb4 16. Qxb4 Nxb4 17. O-O-O b5 18. a3 Nc6 19. Nb3 Bb7 20. Nc5 Rab8 21.
Rhe1 Nd4 22. Rd2 Kf8 23. Red1 e5 24. Nd3 Nd7 25. Nxe5 Nxe5 26. Rxd4 Rxd4 27.
Rxd4 Ke8 28. b3 h5 29. Ne2 Rc8 30. Nf4 h4 31. Nh5 h3 32. gxh3 Nxf3 0-1

[Event "Challenge"]
[Site "http://www.queenalice.com/game.php?id=398124"]
[Date "2008.5.5"]
[Round "-"]
[White "MVBARBOSA"]
[Black "dondito1"]
[Result "1-0"]
[WhiteElo "2013"]
[BlackElo "1691"]

1. e4 d5 2. e5 c5 3. Nf3 e6 4. c3 g6 5. d4 c4 6. Be2 Bg7 7. Bg5 Qc7 8. Nbd2 Ne7
9. Rb1 O-O 10. g4 h6 11. Be3 f5 12. exf6 Rxf6 13. g5 Rxf3 14. Nxf3 h5 15. O-O
Nd7 16. Qd2 e5 17. dxe5 Nxe5 18. Nxe5 Bxe5 19. f4 Bd6 20. Bf3 Bf5 21. Rbe1 Bd3
22. Rf2 Rf8 23. b4 Qd7 24. Bxa7 Bxf4 25. Be3 Bd6 26. Bc5 Bxc5 27. bxc5 Nf5 28.
Re5 Nh4 29. Bxd5+ Kg7 30. Qe1 Qg4+ 31. Kh1 Nf3 32. Re7+ Kh8 33. Qe5+ 1-0

[Event "Challenge"]
[Site "http://www.queenalice.com/game.php?id=400909"]
[Date "2008.5.10"]
[Round "-"]
[White "Claudio_C_A"]
[Black "MVBARBOSA"]
[Result "0-1"]
[WhiteElo "1456"]
[BlackElo "2011"]

1. e4 c5 2. Bc4 Nc6 3. Nf3 e6 4. O-O Be7 5. c3 Nf6 6. h3 Nxe4 7. Bd3 Nf6 8. Re1
d5 9. Qa4 O-O 10. Qh4 Re8 11. Qg3 Bd6 12. Qh4 e5 13. Ng5 h6 14. Nf3 e4 15. Bc2
exf3 16. Rxe8+ Qxe8 17. Kf1 fxg2+ 18. Kxg2 Qe2 19. Na3 Ne5 20. Qg3 Bb8 21. Kg1
Nh5 22. Qe3 Nf3+ 23. Qxf3 Qxf3 24. Bd3 Qxd3 25. Nc2 Qxh3 26. f4 Bxf4 27. Kf2
Qg3+ 28. Ke2 Bg4+ 29. Kf1 Qf3+ 30. Kg1 Ng3 31. Nd4 Qf1+ 32. Kh2 Ne2# 0-1

[Event "Let's Play Chess!"]
[Site "http://www.queenalice.com/game.php?id=417463"]
[Date "2008.6.14"]
[Round "-"]
[White "ekup"]
[Black "MVBARBOSA"]
[Result "0-1"]
[WhiteElo "2023"]
[BlackElo "2022"]

1. e4 e5 2. Nf3 Nc6 3. Nc3 Bb4 4. d3 Nf6 5. Bd2 d5 6. exd5 Nxd5 7. Nxd5 Bxd2+ 8.
Qxd2 Qxd5 9. Be2 O-O 10. h3 Nd4 11. Nxd4 exd4 12. O-O Re8 13. Bf3 Qb5 14. b3 c6
15. Rfe1 Be6 16. Qf4 Qc5 17. Rac1 Rad8 18. g4 Qc3 19. Be4 Bd5 20. h4 a5 21. h5
Bxe4 22. Rxe4 Rxe4 23. Qxe4 a4 24. Re1 h6 25. Re2 Qa1+ 26. Kg2 Qxa2 27. bxa4
Qxa4 28. Qe7 Qa8 29. Re4 b6 30. g5 hxg5 31. Qxg5 Rd6 32. Rg4 c5+ 33. f3 Qf8 34.
h6 Rg6 35. hxg7 Qe8 36. Qh4 Rxg4+ 37. fxg4 Qe2+ 38. Qf2 Qxg4+ 39. Kf1 f5 40. Qh2
Qd1+ 41. Kg2 Qxc2+ 42. Kg1 Qxh2+ 43. Kxh2 b5 0-1

[Event "Let's Play Chess!"]
[Site "http://www.queenalice.com/game.php?id=512524"]
[Date "2008.12.25"]
[Round "-"]
[White "MVBARBOSA"]
[Black "Attia"]
[Result "1-0"]
[WhiteElo "2038"]
[BlackElo "1634"]

1. d4 d5 2. c4 e6 3. Nc3 Nf6 4. Bg5 h6 5. Bxf6 Qxf6 6. cxd5 Bb4 7. Qa4+ Bd7 8.
Qxb4 b6 9. e3 a5 10. Qa3 Qf5 11. Rc1 exd5 12. Nf3 Nc6 13. Bb5 Qg4 14. Nxd5 O-O-O
15. Bxc6 Bxc6 16. Ne7+ Kb7 17. Nxc6 Rd6 18. Nce5 Qe6 19. O-O f6 20. Nc4 Rc6 21.
Qb3 g5 22. Nxa5+ Kc8 23. Nxc6 Qxb3 24. axb3 1-0

[Event "Let's Play Chess!"]
[Site "http://www.queenalice.com/game.php?id=512525"]
[Date "2008.12.25"]
[Round "-"]
[White "lucianovdemelo"]
[Black "MVBARBOSA"]
[Result "0-1"]
[WhiteElo "1557"]
[BlackElo "2051"]

1. d4 Nf6 2. c4 g6 3. Nc3 Bg7 4. Nf3 O-O 5. Bg5 d6 6. e4 Nc6 7. d5 Nb8 8. Bd3
Nbd7 9. O-O Ng4 10. h3 h6 11. hxg4 hxg5 12. Nxg5 Nc5 13. b4 Bxc3 14. Rc1 Bxb4
15. Rb1 Nxd3 16. Qxd3 e5 17. Rxb4 Qxg5 18. Rb2 Kg7 19. f3 Rh8 20. Kf2 Rh2 21.
Qc3 Qh4+ 22. Ke3 c6 23. dxc6 bxc6 24. Rff2 Qf6 25. Rbd2 Rb8 26. g3 Rh3 27. a4
Bxg4 28. fxg4 Rxg3+ 29. Ke2 Qh4 30. Qc2 Qxg4+ 31. Ke1 Re3+ 32. Rfe2 Qg1# 0-1

[Event "Let's Play Chess!"]
[Site "http://www.queenalice.com/game.php?id=512526"]
[Date "2008.12.25"]
[Round "-"]
[White "MVBARBOSA"]
[Black "lucianovdemelo"]
[Result "1-0"]
[WhiteElo "2040"]
[BlackElo "1568"]

1. d4 e6 2. c4 d5 3. Nc3 Bb4 4. Qb3 Nc6 5. Nf3 Nf6 6. e3 O-O 7. Bd3 Bd7 8. O-O
dxc4 9. Qxc4 Bxc3 10. Qxc3 Qe7 11. Bd2 e5 12. Nxe5 Nxe5 13. dxe5 Nd5 14. Qd4 Bc6
15. Qe4 Nc3 16. Qxh7# 1-0

[Event "Let's Play Chess!"]
[Site "http://www.queenalice.com/game.php?id=512527"]
[Date "2008.12.25"]
[Round "-"]
[White "CampbellMarcel"]
[Black "MVBARBOSA"]
[Result "0-1"]
[WhiteElo "1861"]
[BlackElo "2042"]

1. e4 c5 2. Nf3 Nc6 3. Bb5 g6 4. Bxc6 dxc6 5. c4 Qd3 6. Nc3 Nf6 7. Qe2 Qxe2+ 8.
Kxe2 Bg4 9. h3 Bxf3+ 10. Kxf3 Nd7 11. Kg3 Ne5 12. b3 Nd3 13. Ne2 Bg7 14. Rb1 Rd8
15. Rd1 O-O 16. f4 Rd7 17. Kh2 Rfd8 18. e5 f6 19. exf6 Bxf6 20. Ba3 b6 21. Ng3
Nxf4 22. Ne4 Be5 23. g3 Nd3 24. Rf1 Rd4 25. Ng5 Rb8 26. Bb2 Nxb2 27. Rxb2 Rd3
28. Rf3 Rxf3 29. Nxf3 Bxb2 0-1

[Event "Let's Play Chess!"]
[Site "http://www.queenalice.com/game.php?id=515836"]
[Date "2009.1.2"]
[Round "-"]
[White "CampbellMarcel"]
[Black "MVBARBOSA"]
[Result "0-1"]
[WhiteElo "1792"]
[BlackElo "2053"]

1. e4 c5 2. Nf3 Nc6 3. b3 e6 4. Bb2 Nf6 5. d3 d5 6. exd5 Nxd5 7. c4 Nf6 8. Na3
e5 9. Nxe5 Nxe5 10. Bxe5 Qa5+ 11. Qd2 Qxa3 12. Bxf6 gxf6 13. Qf4 Be6 14. Qxf6
Rg8 15. Be2 Bg7 16. Qxe6+ fxe6 17. Bh5+ Kd7 18. Rd1 Bc3+ 19. Ke2 Qb2+ 20. Kf3
Raf8+ 21. Ke3 Bd4+ 22. Ke4 Qxf2 23. Rhe1 Qf4# 0-1

[Event "Let's Play Chess!"]
[Site "http://www.queenalice.com/game.php?id=515837"]
[Date "2009.1.2"]
[Round "-"]
[White "MVBARBOSA"]
[Black "CampbellMarcel"]
[Result "1-0"]
[WhiteElo "2059"]
[BlackElo "1761"]

1. d4 f5 2. g3 e6 3. Nf3 Nc6 4. Bg2 d5 5. c4 Bb4+ 6. Bd2 Nge7 7. Bxb4 Nxb4 8.
Qa4+ Nbc6 9. Ne5 O-O 10. cxd5 exd5 11. O-O Nxe5 12. dxe5 c6 13. Nc3 b5 14. Qd4
Be6 15. Rac1 a5 16. a3 Ng6 17. f4 h6 18. Nd1 Rc8 19. Nf2 Nh8 20. Nd3 Nf7 21. Nc5
Re8 22. Rc2 g5 23. Rfc1 Qb6 24. Nxe6 c5 25. Nxc5 gxf4 26. gxf4 Nd8 27. Bxd5+ Kh7
28. e3 Qg6+ 29. Rg2 Qh5 30. e6 Rg8 31. Rxg8 Kxg8 32. e7+ Nf7 33. Qf6 Qg4+ 34.
Kh1 Qg7 35. Rg1 Qxg1+ 36. Kxg1 1-0

[Event "Let's Play Chess!"]
[Site "http://www.queenalice.com/game.php?id=515839"]
[Date "2009.1.2"]
[Round "-"]
[White "wilfried"]
[Black "MVBARBOSA"]
[Result "1-0"]
[WhiteElo "1799"]
[BlackElo "2053"]

1. d4 Nf6 2. c4 g6 3. Nc3 Bg7 4. Nf3 O-O 5. e4 d6 6. Be2 e5 7. O-O Nc6 8. d5 Ne7
9. Ne1 Nd7 10. Bg5 h6 11. Be3 f5 12. f3 f4 13. Bf2 g5 14. Nd3 b6 15. b4 a5 16.
a3 Nf6 17. c5 axb4 18. axb4 Rxa1 19. Qxa1 bxc5 20. bxc5 g4 21. Qa7 c6 22. cxd6
Qxd6 23. Bc5 1-0